000 00395cam a2200145ua 4500
003 OSt
008 250108b |||||||| |||| 00| 0 eng d
041 _aeng
082 _a621.388
_bGIL/FU
100 _aGlasford, Glenn M .
_96887
245 _aFundamentals of television engineering /
260 _aNew Delhi :
_bTata Mc-Graw Hill Publishing Company ,
_c1984.
300 _a642 ; .
942 _cBK
999 _c9331
_d9331